Přednášky z analytické chemie kvantitativní. 1
| Hlavní autor: | Simon, Vladimír, 1923-1990 |
|---|---|
| Jazyk: | Čeština |
| Vydáno: |
Praha, 1980 |
|
| LEADER | 00515nam a22001692a 4500 | ||
|---|---|---|---|
| 001 | 000282323 | ||
| 003 | CZ BrMZK | ||
| 005 | 19980105143423.0 | ||
| 007 | ta | ||
| 008 | 980105s1980 xr f cze d | ||
| 040 | |a BOA001 |b cze | ||
| 100 | 1 | |a Simon, Vladimír, |d 1923-1990 |7 jk01111329 | |
| 245 | 1 | 0 | |a Přednášky z analytické chemie kvantitativní. |n 1 |
| 260 | |a Praha, |c 1980 | ||
| 910 | |a BOA001 |b 4-0819.157,1 | ||
| 990 | |a BK | ||
| 996 | 7 | |b 2619884931 |c 4-0819.157,1 |l MZK |r Sklad / do 1 hodiny |n 4 |w 000282323 |u 000010 |a 1 |e BOA001 |j MZK50 |s A | |
English
Čeština 